Dekoder nazw państw z flagami - Statystyki

Ogólne statystyki
  • Ten quiz został rozwiązany 26 razy
  • Średni wynik to 14 z 15
Statystyki odpowiedzi
Państwo % Poprawnych
Belgia
100%
Egipt
100%
Finlandia
100%
Gabon
100%
Kuba
100%
Tuvalu
100%
Chile
95%
Dania
95%
Irlandia
95%
Kenia
95%
Brunei
90%
Liban
90%
Polska
90%
Senegal
90%
Iran
86%
Nie znaleziono quizów pasujących do podanych kryteriów
Rozkład punktacji
Procent ludzi z każdym wynikiem
Percentyl według liczby udzielonych odpowiedzi
Twoja historia wyników
Nie rozwiązałeś tego quizu